000
00338nam a2200145Ia 4500
008
240624s9999 xx 000 0 und d
041
_a
eng
082
_a
200 DEB
100
_a
DEBROY BIBEK
245
_a
MAHABHARATA
260
_c
2015
_a
New Delhi
_b
Penguin
300
_a
xxxviii, : 495 : p. : cm. ; 21
365
_c
RS
_b
30
440
_v
1
999
_c
26872
_d
26872